000 00371nam a2200133Ia 4500
008 240624s9999 xx 000 0 und d
041 _aeng
082 _a658.421 CAR
100 _aCARDULLO MARIO W
245 _aTECHNOLOGICAL ENTREPRENEURISM ENTERPRISE
260 _c1999
_aEngland
_bResearch Studies Press LTD.
300 _axix, : 447 : p. : cm. ; 23
365 _cRS
_b25
999 _c23426
_d23426